By land or by sea: Continental power, maritime power, and the fight for a new world order (Record no. 531853)

000 -LEADER
fixed length control field 01079nam a22001337a 4500
008 - FIXED-LENGTH DATA ELEMENTS--GENERAL INFORMATION
fixed length control field 251103b ||||| |||| 00| 0 eng d
100 ## - MAIN ENTRY--PERSONAL NAME
Personal name Paine, S. C. M.
245 ## - TITLE STATEMENT
Title By land or by sea: Continental power, maritime power, and the fight for a new world order
260 ## - PUBLICATION, DISTRIBUTION, ETC. (IMPRINT)
Place of publication, distribution, etc Foreign Affairs
300 ## - PHYSICAL DESCRIPTION
Extent 104(5), Sep-Oct, 2025: p.160-171
520 ## - SUMMARY, ETC.
Summary, etc Great-power competition once again defines international relations. But the exact contours of today’s contest remain the subject of debate. Some observers emphasize ideological precedents from the Cold War. Others focus on changing military balances. Still others highlight leaders and their choices. In truth, modern conflicts over the international system flow from a long-standing, if unrecognized, disagreement over the sources of power and prosperity. The dispute originates from geography, and it has produced two antithetical global outlooks: one continental and the other maritime.- Reproduced

https://www.foreignaffairs.com/united-states/land-or-sea-paine
773 ## - HOST ITEM ENTRY
Main entry heading Foreign Affairs
942 ## - ADDED ENTRY ELEMENTS (KOHA)
Item type Articles
Holdings
Withdrawn status Lost status Source of classification or shelving scheme Damaged status Not for loan Permanent location Current location Date acquired Serial Enumeration / chronology Barcode Date last seen Koha item type
          Indian Institute of Public Administration Indian Institute of Public Administration 2025-11-03 104(5), Sep-Oct, 2025: p.160-171 AR137491 2025-11-03 Articles

Powered by Koha